Statistiques concernant Ville à pays n°38

Cliquez ici pour prendre le quiz!

Statistiques générales

  • Ce quiz a été pris 105 fois
  • Le résultat moyen est 11 sur 15

Statistiques - réponses

VillePays% Correct
SydneyAustralie
99%
GénéveSuisse
99%
KaboulAfghanistan
90%
CharleroiBelgique
90%
GibraltarRoyaume-Uni
89%
João PessoaBrésil
85%
LinköpingSuéde
83%
Grand RapidsÉtats-Unis
82%
GalwayIrlande
80%
AarhusDanemark
66%
PérouseItalie
62%
GeorgetownGuyana
54%
GdyniaPologne
54%
SamaraRussie
53%
GyörHongrie
36%

Distribution des résultats

Percentile par nombre de réponses

% des personnes avec chaque résultat

Votre développement - résultats

Vous n’avez pas pris ce quiz